000 00912nam a2200289Ia 4500
001 C7220
003 IT-RoPAU
008 130308s9999 xx 000 0 und d
040 _aIT-RoPAU
040 _cIT-RoPAU
041 _aITALIANO
100 _aSperoni Franco
100 _gCodice Aut. SPICS: 42097
245 _aArte e pubblicità
245 _bDizionario della Pubblicità. Storia, Tecniche, Personaggi
250 _a1a ed.
260 _aBOLOGNA
260 _bZanichelli
260 _c1994 [1° Ed.:1994 - Ed.Ling.Originale:1994]
300 _a"12 p. (prefazione: no ; testo: 12 [pagine: 26-37])"
500 _aPrima delle Avanguardie. Avanguardie tra Il 1910 e Il 1930. Futurismo, surrealismo e Pubblicità. Pubblicità Dopo le Avanguardie. Ri/Creativi.
650 _aENCICLOPEDIE DI PUBBLICITA'
650 _eCodice materia Spics: 6201
942 _cBK
957 _71
999 _c82280
_d82280
999 _g1